000 00664nam a2200229Ia 4500
005 20231030093714.0
008 131103s9999 xx 000 0 und d
020 _a210339640
040 _aLoreto College
041 _aEnglish
082 _a820(I)
_bIYE
100 _aIyengar, K. R. Srinivasa
245 _aIndian writing in English
_cK. R. Srinivasa Iyengar
250 _a2nd en. rev. ed.
260 _aNew Delhi
_bAsia Publishing House
_c1973
300 _axvi,761p.
504 _aIncludes bibliographical references and index
650 _aEnglish Literature - Critical Study
651 _aIndia - English Writing
850 _aLCLIB
942 _cBK
999 _c20938
_d71417